Представление документа в формате MARC21

Поле Инд. ПП Название Значение
Тип записи a
Библиографический уровень b
001 Контрольный номер UNIDUBNAd7397d5ca7fa4f81b037034ebea7db9b
005 Дата корректировки 20230131153859.6
008 Кодируемые данные 20170331
040 b Код языка каталог. rus
e Правила каталог. PSBO
041 0_ a Код языка текста rus
084 a Индекс другой классификации/Индекс ББК 67.75
100 1_ a Автор Зайков Д. Е.
q Полное имя Зайков Денис Евгеньевич
245 10 a Заглавие Адвокатский запрос: проблемы правового регулирования и практики применения
520 0_ a Аннотация В статье проводится историко-правовой анализ создания и развития института адвокатского запроса, оценивается его значение для реализации конституционного права на квалифицированную юридическую помощь, поднимаются проблемы правового регулирования и практики применения адвокатского запроса и предлагаются пути их разрешения
650 14 a Основная рубрика адвокатура
a Основная рубрика право
a Основная рубрика правоохранительные органы
653 0_ a Ключевые слова адвокатская деятельность
a Ключевые слова адвокатский запрос
a Ключевые слова адвокаты
a Ключевые слова правовое регулирование
773 08 t Заглавие источника Российская юстиция
d Дата издания источника 2021
g Прочая информация № 3. - С. 66 - 68
w Контрольный № источника b885f12bde384f57bfa824b25e31dd75
901 t Тип документа b